[Event "Africa-ch U18"]
[Site "Johannesburg"]
[Date "2024.06.21"]
[Round "8"]
[White "Mofya, Stephen"]
[Black "Palmer, Reegan"]
[Result "1-0"]
[WhiteElo "1883"]
[BlackElo "1950"]
[PlyCount "59"]
[EventDate "2024.06.16"]
[EventType "swiss"]
[EventRounds "9"]
[EventCountry "RSA"]
[SourceTitle "EXT 2025"]
[Source "ChessBase"]
[SourceDate "2024.10.14"]
[SourceVersion "1"]
[SourceVersionDate "2024.10.14"]
[SourceQuality "1"]

1. e4 c5 2. Nf3 d6 3. c3 Nf6 4. Be2 g5 5. d3 g4 6. Nfd2 Nc6 7. 0-0 h5 8. f4 Bh6 9. Na3 a6 10. Nc2 b5 11. a4 Rb8 12. axb5 axb5 13. Kh1 Qb6 14. e5 dxe5 15. fxe5 Nxe5 16. Ne4 Nxe4 17. dxe4 Bb7 18. Bxh6 Rxh6 19. Qd2 Rh8 20. Qf4 f6 21. Ne3 Ra8 22. Rad1 Rg8 23. Nf5 Rg6 24. Nh4 Rg5 25. Nf5 Rg6 26. Nh4 Rg5 27. Nf5 Rd8 28. Qxg5 Rxd1 29. Qg8+ Kd7 30. Rxd1+ 1-0